An outline of the Belgian credit and baking system, (Record no. 49753)

MARC details
000 -LEADER
fixed length control field 00817cam a22002531 4500
001 - CONTROL NUMBER
control field ne 67001462
003 - CONTROL NUMBER IDENTIFIER
control field DLC
005 - DATE AND TIME OF LATEST TRANSACTION
control field 20260227111834.0
008 - FIXED-LENGTH DATA ELEMENTS--GENERAL INFORMATION
fixed length control field 810409s1965 ua 000 0 eng
010 ## - LIBRARY OF CONGRESS CONTROL NUMBER
LC control number ne 67001462
025 ## - OVERSEAS ACQUISITION NUMBER
Overseas acquisition number PL480: UAR-7362
035 ## - SYSTEM CONTROL NUMBER
System control number (OCoLC)7322152
040 ## - CATALOGING SOURCE
Original cataloging agency DLC
Transcribing agency MChB
Modifying agency MChB
-- DLC
042 ## - AUTHENTICATION CODE
Authentication code premarc
050 00 - LIBRARY OF CONGRESS CALL NUMBER
Classification number HG3104
Item number .L3
100 1# - MAIN ENTRY--PERSONAL NAME
Personal name Lambiotte, O. E.
245 13 - TITLE STATEMENT
Title An outline of the Belgian credit and baking system,
Statement of responsibility, etc. by O. E. Lambiotte.
260 ## - PUBLICATION, DISTRIBUTION, ETC.
Place of publication, distribution, etc. Cairo
Name of publisher, distributor, etc. [National Bank of Egypt]
Date of publication, distribution, etc. 1965.
300 ## - PHYSICAL DESCRIPTION
Extent 32 p.
Dimensions 24 cm.
490 1# - SERIES STATEMENT
Series statement National Bank of Egypt. Fiftieth anniversary commemmoration lectures
650 #0 - SUBJECT ADDED ENTRY--TOPICAL TERM
Topical term or geographic name entry element Banks and banking
Geographic subdivision Belgium.
650 #0 - SUBJECT ADDED ENTRY--TOPICAL TERM
Topical term or geographic name entry element Credit
Geographic subdivision Belgium.
810 2# - SERIES ADDED ENTRY--CORPORATE NAME
Corporate name or jurisdiction name as entry element Bank al-Ahlī al-Miṣrī.
Title of a work Fiftieth anniversary commemorative lectures.

No items available.

Powered by Koha